Catálogo - Centro de Recursos para el Aprendizaje y la Investigación

Volver al Sitio - CRAI Biblioteca
Vista normal Vista MARC

Entrada Término temático

Número de registros utilizados en: 1

001 - NÚMERO DE CONTROL

  • campo de control: 196795

003 - IDENTIFICADOR DEL NÚMERO DE CONTROL

  • campo de control: DR-UNIBE

005 - FECHA Y HORA DE LA ÚLTIMA TRANSACCIÓN

  • campo de control: 20250630143508.0

008 - DATOS DE LONGITUD FIJA

  • campo de control de longitud fija: 250630|| aca||aabn | a|a d

040 ## - FUENTE DE LA CATALOGACIÓN

  • Centro catalogador/agencia de origen: DR-UNIBE
  • Centro/agencia transcriptor: DR-UNIBE

650 ## -

  • : lectura
  • : Enseñanza y aprendizaje
  • : República Dominicana

670 ## - FUENTE DE DATOS ENCONTRADOS

  • Cita de la fuente: Work cat.: (DR-UNIBE)48835: República Dominicana. Ministerio de Educación (MINERD) 4431, Sistematización de la política de apoyo a los aprendizajes de lectura, escritura y matemática de los primeros grados de educación básica en la Región Este de República Dominicana /, 2015